000
00332nam a2200133Ia 4500
008
150201s2008 xx 000 0 und d
082
_a
616
_b
I08T
100
_a
TOPAL,ERIC
245
_a
TB OF INTERVENTION CARDIOLOGY
250
_a
5TH
260
_b
SUNDERS ELSEVIER
_a
DELHI
_c
2008
650
_a
MEDICINE AND DIAGNOSIS
942
_2
ddc
_c
BK
999
_c
778
_d
778